00200nam a2200085 4500082001200000245004000012260002600052300000700078650002900085 a540 INS aChemistry iIndustry and the Citizen aColombobICHEMCc1982 a97 aChemistry Industrya1982